Statystyki dla Najmniejsze państwa świata.

Kliknij tutaj aby rozwiązać quiz!

Ogólne statystyki

  • Ten quiz został rozwiązany 50 razy
  • Średni wynik to 6 z 10

Statystyki odpowiedzi

% Poprawnych
1Watykan
98%
2Monako
89%
5San Marino
89%
6Liechtenstein
78%
10Malta
52%
3Nauru
48%
4Tuvalu
39%
8Saint Kitts i Nevis
35%
7Wyspy Marshalla
30%
9Malediwy
26%

Rozkład punktacji

Percentyl według liczby udzielonych odpowiedzi

Procent ludzi z każdym wynikiem

Twoja historia wyników

Nie rozwiązałeś tego quizu